<?xml version="1.0" encoding="UTF-8"?>
<record
    xmlns:xsi="http://www.w3.org/2001/XMLSchema-instance"
    xsi:schemaLocation="http://www.loc.gov/MARC21/slim http://www.loc.gov/standards/marcxml/schema/MARC21slim.xsd"
    xmlns="http://www.loc.gov/MARC21/slim">

  <leader>00896nam a2200217   4500</leader>
  <controlfield tag="001">85796</controlfield>
  <controlfield tag="003">BD-RjUL</controlfield>
  <controlfield tag="005">20251006161546.0</controlfield>
  <controlfield tag="008">251006s1949    p  ||||| |||| 00| 0 urd d</controlfield>
  <datafield tag="035" ind1=" " ind2=" ">
    <subfield code="a">(BD-RjUL)85796</subfield>
  </datafield>
  <datafield tag="040" ind1=" " ind2=" ">
    <subfield code="a">BD-RjUL</subfield>
    <subfield code="b">eng</subfield>
    <subfield code="c">BD-RjUL</subfield>
  </datafield>
  <datafield tag="041" ind1=" " ind2=" ">
    <subfield code="a">urd</subfield>
  </datafield>
  <datafield tag="082" ind1=" " ind2=" ">
    <subfield code="2">21 </subfield>
    <subfield code="a">891.43909</subfield>
    <subfield code="b">HAD 1949</subfield>
  </datafield>
  <datafield tag="100" ind1=" " ind2=" ">
    <subfield code="a"> &#x6C1;&#x627;&#x634;&#x645;&#x649;&#x60C; &#x646;&#x648;&#x631;&#x627;&#x644;&#x62D;&#x633;&#x646;&#x60C;   H&#x101;shim&#x12B;., N&#x16B;rul&#x1E25;asan</subfield>
    <subfield code="9">17085</subfield>
  </datafield>
  <datafield tag="245" ind1="1" ind2="0">
    <subfield code="a">&#x62F;&#x644;&#x649; &#x6A9;&#x627; &#x62F;&#x628;&#x633;&#x62A;&#x627;&#x646; &#x634;&#x627;&#x639;&#x631;&#x649; / Dill&#x12B; k&#x101; dabist&#x101;n-i sh&#x101;&#x2BB;ir&#x12B; /</subfield>
    <subfield code="c">&#x688;&#x627;&#x6A9;&#x679;&#x631; &#x646;&#x648;&#x631;&#x627;&#x644;&#x62D;&#x633;&#x646; &#x6C1;&#x627;&#x634;&#x645;&#x649;, &#x60C;&#x1E0C;&#x101;k&#x1E6D;ar N&#x16B;rul&#x1E25;asan H&#x101;shim&#x12B;.,</subfield>
  </datafield>
  <datafield tag="260" ind1=" " ind2=" ">
    <subfield code="a">Karachi :</subfield>
    <subfield code="b">&#x627;&#x646;&#x62C;&#x645;&#x646; &#x62A;&#x631;&#x642;&#x649; &#x627;&#x631;&#x62F;&#x648; &#x67E;&#x627;&#x6A9;&#x633;&#x62A;&#x627;&#x646; ;;  Anjuman Tarqi Urdu Pakistan ,</subfield>
    <subfield code="c">1949</subfield>
  </datafield>
  <datafield tag="300" ind1=" " ind2=" ">
    <subfield code="a">398 p. ;</subfield>
    <subfield code="c">20 cm</subfield>
  </datafield>
  <datafield tag="490" ind1=" " ind2=" ">
    <subfield code="a">Silsilah-yi mat&#x324;b&#x16B;&#x2BB;&#x101;t-i Anjuman Taraqq&#x12B;-yi Urd&#x16B; P&#x101;kist&#x101;n,; </subfield>
    <subfield code="v"> shum&#x101;rah ; 228</subfield>
  </datafield>
  <datafield tag="650" ind1=" " ind2=" ">
    <subfield code="a">Urdu poetry</subfield>
    <subfield code="v">History and criticism</subfield>
    <subfield code="z"> India </subfield>
    <subfield code="9">17086</subfield>
  </datafield>
  <datafield tag="942" ind1=" " ind2=" ">
    <subfield code="2">ddc</subfield>
    <subfield code="c">BK</subfield>
  </datafield>
  <datafield tag="999" ind1=" " ind2=" ">
    <subfield code="c">85796</subfield>
    <subfield code="d">85796</subfield>
  </datafield>
  <datafield tag="952" ind1=" " ind2=" ">
    <subfield code="0">0</subfield>
    <subfield code="1">0</subfield>
    <subfield code="2">ddc</subfield>
    <subfield code="4">0</subfield>
    <subfield code="7">1</subfield>
    <subfield code="8">NFIC</subfield>
    <subfield code="a">RUCL</subfield>
    <subfield code="b">RUCL</subfield>
    <subfield code="c">Reading</subfield>
    <subfield code="d">2025-10-06</subfield>
    <subfield code="l">0</subfield>
    <subfield code="o">U 891.43909 HAD 1949</subfield>
    <subfield code="r">2025-10-06 00:00:00</subfield>
    <subfield code="t">C-1</subfield>
    <subfield code="w">2025-10-06</subfield>
    <subfield code="y">BK</subfield>
  </datafield>
</record>
